000
00305nam a2200109Ia 4500
008
200302s9999 xx 000 0 und d
100
_a
Edward M .Gomez
245
_a
Urban Places Public spaces –The architecture of Anthony Belluschi
260
_b
Edizioni Press Newyork
260
_c
2006
300
_a
96 P.,
999
_c
2924
_d
2924